10 najzimniejszych państw Afryki - Statystyki

Ogólne statystyki
  • Ten quiz został rozwiązany 2 524 razy
  • Średni wynik to 7 z 10
Statystyki odpowiedzi
°C Państwo % Poprawnych
18,5 Republika Południowej Afryki
96%
12,3 Lesotho
84%
20,4 Namibia
71%
21,9 Angola
68%
22,1 Zambia
67%
22,0 Zimbabwe
67%
20,1 Maroko
64%
18,5 Rwanda
56%
20,3 Tunezja
56%
20,2 Burundi
47%
Nie znaleziono quizów pasujących do podanych kryteriów
Rozkład punktacji
Procent ludzi z każdym wynikiem
Percentyl według liczby udzielonych odpowiedzi
Twoja historia wyników
Nie rozwiązałeś tego quizu